00813nam a22002057a 4500999001900000005001700019010001500036020002600051035001400077037001300091082001200104100002900116245015100145250000900296260004500305270006700350300004400417942002600461952012000487 c180398d18039820210809121119.0 aENG-129687 c895.00a9780199489923 aEN-113219 bDBAD/PUB a027.054 aBhattacharya, Sabyasachi aArchiving the British Raj:bHistory of the Archival Policy of the Government of India With Selected Documents, 1858-1947/cSabyasachi Bhattacharya a2019 aNew DelhibOxford University Pressc2019 a2/11 Ground floor, Ansari Road, Darya ganj,bNew Delhie110002 a226 p.c22cm(hbk)bBibiliography, Index 2ddccENh027.054kBHA 001040708NFICaBL4bBL4d2021-08-09eDBAD/PUBg895.00l0o027.054pEN-113219r2021-08-09 00:00:00t1v895.00yEN